| 000 | 00470 a2200157 4500 | ||
|---|---|---|---|
| 005 | 20250528122657.0 | ||
| 020 | _a978-1-7809-3237-8 | ||
| 082 | _a327 PAP | ||
| 100 | _aPAPAIOANNOU, T. | ||
| 245 | _aInternational Development in a Changing World | ||
| 260 |
_aLondon, _bThe open University, _c2013. |
||
| 300 |
_a348p.: ill.; figure, picture, table. _bIndex. _c27cm. |
||
| 700 | _aBUTCHER, M. | ||
| 856 |
_yAccess online book _fDevelopment _dwww.open.ac.uk |
||
| 942 |
_2ddc _cBKS |
||
| 999 |
_c367 _d367 |
||